000 00690nam a22002770a 4500
001 PT33885
003 AR-LpoUNG
005 20250212122458.0
008 191001s1995||||ag |||||||||||||||||spa d
020 _a9501110613
_c$10.75
040 _aAR-LpoUNG
_bspa
_cAR-LpoUNG
_eaacr
041 _aspa
044 _aag
082 0 _a808.068 3 395cie
100 1 _aFerro, Beatriz
245 1 0 _a100 cuentos para leer antes de dormir
250 _a2da. ed.
260 _aBuenos Aires :
_bSigmar,
_c1995.
300 _a69 p. :
_bil.
650 4 _aCUENTOS
650 4 _aLITERATURA
653 0 _aLITERATURA INFANTIL
700 1 _aTorres, Elena
_eil.
905 _a33885
942 _cLIB
_2ddc
999 _c1698
_d1698